000 02078nam a2200397 c 4500
003 BLK
005 20241016134320.0
008 180911b bul|||||r ||||||| ||bul||
010 _a001675
040 _aBLK
041 _aBUL
_cBUL
080 _z821.163.2(081)
_aБългарска литература
_b821.163.2
100 1 _aМихайловски, Стоян Николов
_gМихайловский, Стоян, 1856-1927; Михайловски, Ст., 1856-1927; Михайловски, 1856-1927; Де Профундис, 1856-1927 (псевдоним); Истров, Драгостин, 1856-1927 (псевдоним); Муслак, Драгостин Истров, 1856-1927 (псевдоним); Розенберг, Викентий, 1856-1927 (псевдоним); Рязков, Евгений, 1856-1927 (псевдоним); Стрелков, Ст., 1856-1927 (псевдоним); De Profundis, 1856-1927 (псевдоним); X.y.z., 1856-1927 (псевдоним)
_d1856-1927
_997934
139 _aМихайловский, Стоян Николов
245 0 0 _aИзбрани съчинения
_nТ. 5
_pПоеми
260 _aСофия
_bХемус
_c1943
300 _c19 см
380 _aX
490 _aЧастна колекция - Академик Михаил Арнаудов
_gДарение - Основен фонд
500 _aАвтограф с текст: На г. Проф. М. Арнаудов в знак на почит София 21 ХI 1943. Ив Богданов
650 0 _aСборници
_9396392
653 _aлирика
653 _aпоеми
655 _aбългарска литература
700 1 _aСтоян Михайловски
_9398640
700 1 _aИван Богданов
_e бел. и уредба
_9398642
760 _h208 с.
_oТ. 5
852 _aМА 1976
_bМА
942 _cKNG
_n0
_s1
944 _aCR
_c1997
_k30560
_lГеновева Генчева
999 _c342041
_d342041
999 _d342041
999 _d342041
999 _d342041
999 _d342041
999 _d342041